[Event "7th Sinquefield Cup GCT 2019"]
[Site "Saint Louis"]
[Date "2019.08.20"]
[Round "4.5"]
[White "Giri, Anish"]
[Black "Vachier-Lagrave, Maxime"]
[Result "1/2-1/2"]
[WhiteElo "2779"]
[BlackElo "2778"]
[Annotator "TA"]
[PlyCount "89"]
[EventDate "2019.08.17"]
[EventType "tourn"]
[EventCountry "USA"]
[SourceTitle "playchess.com"]
[Source "ChessBase"]
[SourceQuality "1"]

{[%evp 19,89,10,41,11,11,0,13,0,33,21,28,28,22,26,29,33,45,44,43,35,40,26,25,42,48,10,8,10,45,45,45,45,44,44,66,69,67,65,66,59,67,61,72,72,73,26,26,26,26,26,26,11,0,0,26,26,26,26,26,18,18,18,18,19,19,0,19,0,19,19,19,0]} 1. d4 Nf6 2. c4 g6 3. Nc3 d5 4. cxd5 Nxd5 5. e4 Nxc3 6. bxc3 Bg7 7. Bc4 c5 8. Ne2 Nc6 9. Be3 O-O 10. O-O b6 11. Rc1 {D87: Exchange Grünfeld: Classical Line: Variations without ...cxd4} Bb7 12. Bb5 (12. Qd2 e6 13. Rfd1 Rc8 14. f3 cxd4 15. cxd4 Qd6 16. Bh6 Bxh6 17. Qxh6 Na5 18. Bd3 Rxc1 19. Qxc1 {½-½ (50) Nakamura,H (2746)-Vachier Lagrave,M (2781) London 2018}) 12... Rc8 13. Qd2 Na5 $146 ({Predecessor:} 13... e6 14. Rfd1 a6 15. Bxc6 Bxc6 16. d5 Ba4 17. Re1 exd5 18. exd5 Re8 {½-½ (30) Moeckl,L-Ter Steeg,R ICCF email 2014}) 14. d5 e6 {[%cal Re6d5]} 15. c4 a6 16. Ba4 $1 exd5 17. exd5 Nxc4 18. Rxc4 b5 19. Bxb5 axb5 20. Rxc5 Qd7 21. Rxc8 Rxc8 22. Rd1 Rd8 {[%cal Rd7d5]} 23. Qb4 Rc8 (23... Qc6 $5) 24. Qb3 Rd8 {[%cal Rb7d5]} 25. Nc3 Bxc3 $1 26. Qxc3 {[#] And now Bh6 would win.} Qc6 27. Qxc6 (27. dxc6 $2 {gets mated.} Rxd1+ 28. Qe1 Rxe1#) 27... Bxc6 $14 {[%mdl 4096] Endgame KRB-KRB} 28. d6 f6 29. h4 Bd7 30. a3 Re8 31. Bc5 Re4 32. Bb4 Rxh4 33. Re1 {[#] Hoping for Re7.} Rd4 $1 34. Re7 Bf5 35. Re8+ Kf7 36. Re7+ (36. Rh8 {with more complications.} Rd1+ 37. Kh2 g5 38. f3 Kg6 39. Rb8) 36... Kg8 37. f3 {aiming for g4.} h5 38. Rb7 Rd5 39. g3 g5 {The position is equal.} 40. Kf2 Be6 41. Re7 Bf5 42. Rb7 Be6 43. Re7 Bf5 44. Ra7 Be6 45. Re7 {Accuracy: White = 53%, Black = 71%.} 1/2-1/2

[Event "7th Sinquefield Cup GCT 2019"]
[Site "Saint Louis"]
[Date "2019.08.20"]
[Round "4.6"]
[White "Karjakin, Sergey"]
[Black "Nepomniachtchi, Ian"]
[Result "1/2-1/2"]
[WhiteElo "2750"]
[BlackElo "2774"]
[Annotator "TA"]
[PlyCount "41"]
[EventDate "2019.08.17"]
[EventType "tourn"]
[EventCountry "USA"]
[SourceTitle "playchess.com"]
[Source "ChessBase"]
[SourceQuality "1"]

{[%evp 15,41,-8,0,-8,16,2,5,1,14,0,0,0,0,0,0,-14,0,0,0,0,0,0,0,0,0,0,0,0]} 1. d4 Nf6 2. c4 g6 3. g3 c6 4. Bg2 d5 5. Nf3 Bg7 6. Qb3 O-O 7. Nc3 Qb6 8. O-O Rd8 {The position is equal.} 9. Bd2 {D78: Fianchetto Grünfeld: 6 0-0 c6} dxc4 10. Qxc4 Be6 11. Qa4 Bf5 12. Rfd1 $146 ({Predecessor:} 12. Rfe1 Ne4 13. Nxe4 Bxe4 14. Ba5 Qa6 15. Qa3 Re8 16. Bf1 c5 17. dxc5 Bxb2 {½-½ (17) Ding,L (2813)-Nepomniachtchi,I (2763) Wijk aan Zee 2019}) 12... a5 13. Nh4 Bd7 ({Wrong is} 13... Qxd4 $2 14. Be3 $18) 14. Qc2 Qxd4 15. Nf3 Qb6 16. Be3 Qc7 17. Nb5 Qc8 18. Na7 Qc7 19. Nb5 $1 {[%cal Rb5c7]} Qc8 20. Na7 Qc7 {[#] Threatens to win with ...Na6.} 21. Nb5 $1 {Accuracy: White = 77%, Black = 73%.} 1/2-1/2

[Event "7th Sinquefield Cup GCT 2019"]
[Site "Saint Louis"]
[Date "2019.08.21"]
[Round "5.1"]
[White "So, Wesley"]
[Black "Caruana, Fabiano"]
[Result "1/2-1/2"]
[WhiteElo "2776"]
[BlackElo "2818"]
[Annotator "TA"]
[PlyCount "72"]
[EventDate "2019.08.17"]
[EventType "tourn"]
[EventCountry "USA"]
[SourceTitle "playchess.com"]
[Source "ChessBase"]
[SourceQuality "1"]

{[%evp 9,72,13,23,17,19,20,30,24,47,52,31,37,38,32,43,43,30,33,33,37,33,13,37,14,44,55,34,0,0,0,0,0,0,0,0,0,0,0,0,0,0,0,0,0,0,0,0,0,0,0,0,0,0,0,0,0,0,0,0,0,0,0,0,0,0]} 1. c4 e5 2. g3 Nf6 3. Bg2 c6 4. Nf3 e4 5. Nd4 Qb6 6. Nb3 {A20: English Opening: 1...e5} (6. Nc2 d5 7. O-O dxc4 8. Nc3 Na6 9. d3 exd3 10. exd3 Be7 11. Re1 Be6 12. dxc4 O-O 13. Be3 {½-½ (64) Nakamura,H (2746)-Caruana,F (2832) London 2018}) 6... a5 {[%cal Ba7a5,Ba5a4][%mdl 32] Strongly threatening ...a4.} 7. d3 a4 8. N3d2 $1 {White has an edge.} Bc5 9. O-O $146 ({Predecessor:} 9. e3 exd3 10. Nc3 Qa6 11. b3 a3 12. Nde4 Be7 13. Bd2 {½-½ (38) Meier,G (2657)-Baklan,V (2618) Biel 2016}) 9... e3 10. fxe3 Bxe3+ 11. Kh1 Ng4 12. Ne4 O-O 13. Nbc3 d5 14. cxd5 Bxc1 15. Qxc1 Ne3 16. Rf3 Nxg2 17. Kxg2 Qd8 18. Qg5 f6 $1 {[%cal Rf6g5] The position is equal.} 19. Nxf6+ Rxf6 20. Ne4 Nd7 21. Raf1 Kh8 $1 22. Nxf6 Nxf6 23. e4 {[%cal Rf3f6]} Bd7 $1 24. Rxf6 gxf6 25. Rxf6 Qe7 26. Qf4 Kg8 27. d6 $1 {[%cal Rd6e7]} Qg7 28. e5 {Threatens to win with e6.} Re8 29. Qc4+ Kh8 30. Rf7 Qxe5 {[%mdl 64] [#] Double Attack} 31. Rxd7 $11 {[%mdl 4096] Endgame Black must now prevent Qf7. KQR-KQR} Qe2+ 32. Kh3 {And now Qf7 would win.} Qf1+ $1 33. Kh4 {White wants to mate with Qd4+.} Qf6+ {[%mdl 64] Double Attack} 34. Kh3 {aiming for Qc3.} Qf1+ 35. Kh4 {Qd4+ would kill now.} Qf6+ {[%mdl 64] [#] Double Attack} 36. Kh3 {Hoping for Qc3.} Qf1+ {Accuracy: White = 86%, Black = 90%.} 1/2-1/2

[Event "7th Sinquefield Cup GCT 2019"]
[Site "Saint Louis"]
[Date "2019.08.21"]
[Round "5.2"]
[White "Vachier-Lagrave, Maxime"]
[Black "Anand, Viswanathan"]
[Result "1/2-1/2"]
[WhiteElo "2778"]
[BlackElo "2756"]
[Annotator "TA"]
[PlyCount "49"]
[EventDate "2019.08.17"]
[EventType "tourn"]
[EventCountry "USA"]
[SourceTitle "playchess.com"]
[Source "ChessBase"]
[SourceQuality "1"]

{[%evp 13,49,14,20,6,13,10,6,0,75,12,29,27,31,14,29,8,16,-10,-15,-17,-14,-27,0,-48,-38,-41,0,0,0,-3,0,0,0,0,0,0,0,0]} 1. e4 e5 2. Nf3 Nc6 3. Bc4 Bc5 4. c3 Nf6 5. d3 d6 6. O-O a6 7. a4 h6 8. Re1 {C54: Giuoco Piano: 4 c3 Nf6, main lines with 5 d4 and 5 d3} a5 $146 ({Predecessor:} 8... O-O 9. h3 a5 10. d4 Ba7 11. Bb3 Re8 12. Bc2 Bd7 13. Na3 Qc8 14. Nb5 Bb6 15. Bb1 exd4 16. cxd4 {0-1 (34) Giri,A (2797)-Karjakin,S (2753) Shamkir 2019}) 9. d4 Ba7 10. h3 g5 (10... O-O $11 {keeps the balance.}) 11. dxe5 (11. Na3 $16) 11... Nxe5 $11 12. Nxe5 dxe5 13. Qxd8+ Kxd8 14. Bxf7 g4 15. hxg4 Nxg4 16. Be3 $1 {[%cal Re3a7]} Bxe3 17. fxe3 h5 18. Bc4 h4 19. Nd2 h3 20. gxh3 {The position is equal.} Rxh3 {Black wants to play ...Ke7.} 21. Rf1 $1 Rg3+ 22. Kh1 Rh3+ 23. Kg1 Rg3+ 24. Kh1 Rh3+ 25. Kg1 {Accuracy: White = 38%, Black = 59%.} 1/2-1/2

[Event "7th Sinquefield Cup GCT 2019"]
[Site "Saint Louis"]
[Date "2019.08.21"]
[Round "5.3"]
[White "Carlsen, Magnus"]
[Black "Karjakin, Sergey"]
[Result "1/2-1/2"]
[WhiteElo "2882"]
[BlackElo "2750"]
[Annotator "TA"]
[PlyCount "93"]
[EventDate "2019.08.17"]
[EventType "tourn"]
[EventCountry "USA"]
[SourceTitle "playchess.com"]
[Source "ChessBase"]
[SourceQuality "1"]

{[%evp 12,92,28,20,22,17,34,24,17,27,25,22,22,30,17,21,16,9,23,19,22,4,12,0,12,8,3,0,0,0,0,0,0,0,0,0,0,0,0,0,0,0,0,0,0,0,0,0,0,0,0,0,0,0,0,0,0,0,0,-8,0,0,0,0,0,0,0,0,0,0,0,0,0,0,0,0,0,0,0,0,0,199,0]} 1. d4 Nf6 2. c4 e6 3. Nf3 d5 4. Nc3 Be7 5. Bf4 O-O 6. e3 b6 7. Bd3 dxc4 {D37: Queen's Gambit Declined: 5 Bf4} 8. Bxc4 Ba6 9. Qe2 Bxc4 {White has an edge.} 10. Qxc4 c5 11. dxc5 Bxc5 12. O-O Qc8 13. Rfd1 Nbd7 {[#]} 14. Qe2 $146 ({Predecessor:} 14. Ng5 Be7 15. Qe2 {½-½ (71) Cheparinov,I (2687)-Dominguez Perez,L (2723) Varadero 2016}) 14... Re8 15. Nd2 Qb7 16. Qf3 Qxf3 17. gxf3 Rec8 18. Nde4 Bf8 19. Nd6 Rc6 {[#] aiming for ...e5.} 20. Bg3 a6 21. Rac1 Bxd6 22. Rxd6 Rxd6 23. Bxd6 Rc8 24. Rd1 h6 25. f4 b5 26. Be7 Rc6 27. Kg2 Nb6 28. e4 Nc4 29. Rd8+ Kh7 30. Bxf6 gxf6 $11 {[%mdl 4096] Endgame KRN-KRN} 31. Nd1 Kg6 32. b3 Rd6 33. Rxd6 Nxd6 {KN-KN} 34. f3 Kh5 35. Kg3 b4 36. Ne3 f5 37. exf5 Nxf5+ 38. Nxf5 exf5 {KP-KP} 39. Kf2 Kh4 40. Kg2 a5 41. Kf2 Kh3 42. Kg1 h5 (42... f6 $5) 43. Kh1 h4 (43... f6 $5) 44. Kg1 f6 45. Kh1 {[#]} a4 $1 {[%mdl 512]} 46. bxa4 b3 47. axb3 {Accuracy: White = 79%, Black = 77%.} 1/2-1/2

[Event "7th Sinquefield Cup GCT 2019"]
[Site "Saint Louis"]
[Date "2019.08.21"]
[Round "5.5"]
[White "Nepomniachtchi, Ian"]
[Black "Nakamura, Hikaru"]
[Result "1-0"]
[WhiteElo "2774"]
[BlackElo "2743"]
[Annotator "TA"]
[PlyCount "137"]
[EventDate "2019.08.17"]
[EventType "tourn"]
[EventCountry "USA"]
[SourceTitle "playchess.com"]
[Source "ChessBase"]
[SourceQuality "1"]

{[%evp 18,137,27,18,18,11,25,13,13,19,20,17,54,-101,57,55,48,48,78,82,68,74,92,94,100,97,104,72,77,54,54,54,56,52,46,53,53,50,79,84,87,80,87,87,87,87,87,87,101,101,101,54,77,77,77,77,77,77,77,77,77,77,77,77,77,77,77,77,77,77,77,77,77,77,77,77,77,77,77,77,77,77,77,77,77,77,77,77,77,77,77,77,77,77,77,85,77,77,117,117,117,117,117,117,29952,12039,29952,29953,29955,29956,29953,29952,29952,29953,29946,29945,12789,5567,5567,5090,5057,4592]} 1. d4 Nf6 2. c4 e6 3. Nf3 d5 4. Nc3 Be7 5. Bf4 O-O 6. e3 c5 7. dxc5 Bxc5 8. cxd5 Nxd5 9. Nxd5 exd5 10. Bd3 Bb4+ {D37: Queen's Gambit Declined: 5 Bf4} 11. Nd2 Nc6 12. O-O Be7 {The position is equal.} (12... Be6 13. Nf3 Be7 14. Rc1 Bf6 15. a3 Qe7 16. b4 a6 17. h3 Rac8 18. Rc5 {1-0 (33) Nepomniachtchi,I (2742)-Nakamura,H (2792) Saint Louis 2017}) 13. Rc1 Qb6 {[#]} 14. Qc2 $146 ({Predecessor:} 14. Nb3 g6 15. Qd2 Be6 16. Bb1 Rfd8 17. Nd4 Nxd4 18. exd4 Rdc8 19. a3 Bf6 20. Be3 Rxc1 21. Rxc1 Rc8 22. Rxc8+ {½-½ (22) Grischuk,A (2766)-Anand,V (2768) Saint Louis 2018}) 14... Nb4 15. Bxh7+ Kh8 16. Qc7 $36 {[%mdl 2048] White fights for an advantage.} Qxc7 17. Rxc7 Bd8 18. Bd6 {aiming for Rxc8.} Bxc7 19. Bxf8 a5 20. Bb1 Be5 21. b3 Bg4 22. Bc5 Rc8 23. Bb6 Nxa2 $1 {[%mdl 64] [#] Decoy} 24. Bxa2 {And now Nf3 would win.} Rc2 25. Nf3 Bxf3 $1 26. gxf3 Rxa2 $14 {[%mdl 4096] Endgame KRB-KRB} 27. Rd1 Ra1 28. Rxa1 Bxa1 29. Bxa5 $16 {KB-KB} f5 30. Kf1 Kg8 31. Ke2 Kf7 32. Kd3 Be5 33. Bc3 Bd6 34. e4 dxe4+ 35. fxe4 Ke6 36. Bxg7 {h4 is the strong threat.} Bxh2 37. Bd4 b5 38. Bb6 {Black must now prevent Kd4.} Be5 39. Ke3 Bb2 40. Bd4 Bc1+ 41. Kd3 {Threatens to win with exf5+.} Ba3 42. Bb6 Bb2 43. Bc7 Bf6 44. Ba5 Be5 45. Bb4 Bf6 46. Bc5 Be5 47. Ba7 Bf6 48. Bd4 Be7 49. Ke3 Bg5+ 50. f4 Be7 51. Bb6 Ba3 {[#]} 52. Kd3 $1 Bc1 53. Bc7 Bb2 54. Bb8 Bf6 55. Ke3 Bb2 56. Be5 Bc1+ 57. Kd3 b4 58. Bb8 Kf6 59. Bd6 Ke6 60. Be5 Ba3 $2 {[%mdl 8192]} (60... fxe4+ $16 61. Kxe4 Bd2) 61. Bd4 Bc1 62. Be3 Bb2 63. Bd2 fxe4+ 64. Kxe4 Ba3 65. Kd4 Kf5 66. Kd5 Kf6 67. Kc5 {White is clearly winning.} Kf5 68. Kb5 Ke4 69. Bxb4 {Accuracy: White = 93%, Black = 71%.} 1-0

[Event "7th Sinquefield Cup GCT 2019"]
[Site "Saint Louis"]
[Date "2019.08.21"]
[Round "5.6"]
[White "Aronian, Levon"]
[Black "Mamedyarov, Shakhriyar"]
[Result "1/2-1/2"]
[WhiteElo "2765"]
[BlackElo "2764"]
[Annotator "TA"]
[PlyCount "108"]
[EventDate "2019.08.17"]
[EventType "tourn"]
[EventCountry "USA"]
[SourceTitle "playchess.com"]
[Source "ChessBase"]
[SourceQuality "1"]

{[%evp 9,108,14,28,9,11,8,12,20,29,20,24,18,30,8,9,0,0,-11,-3,-17,-13,-11,-10,-11,-8,-12,6,14,2,0,0,0,0,0,0,0,0,0,0,-16,-9,-8,-6,-12,0,-5,5,-5,0,0,0,0,0,0,0,-10,13,0,33,-8,-15,-15,-15,-27,-13,-15,-10,-25,-5,-16,-12,-35,-35,-35,-35,-38,-28,-28,-12,-12,-12,-12,-12,-12,-12,-12,0,0,0,0,0,0,0,0,0,0,0,0,0,0,0]} 1. e4 e5 2. Nf3 Nf6 3. Nxe5 d6 4. Nf3 Nxe4 5. Bd3 Nf6 6. O-O {C42: Petroff Defence: 3 Nxe5 and unusual White 3rd moves} Be7 7. c3 O-O 8. Bc2 Bg4 9. d4 Re8 10. Bf4 $146 ({Predecessor:} 10. Re1 Nbd7 11. Nbd2 d5 12. Nf1 Bd6 13. Rxe8+ Qxe8 {½-½ (61) Aronian,L (2767)-Giri,A (2782) chess.com INT 2018}) 10... d5 11. Nbd2 Bd6 12. Bg5 Nbd7 13. Qb1 h6 14. Bh4 c6 {[#]} 15. Bh7+ $1 {[%mdl 512]} Kh8 {aiming for ...g5.} (15... Nxh7 16. Bxd8) 16. Bd3 Qc7 17. Qc2 Re6 18. Rfe1 Rae8 {Hoping for ...Bxh2+!} (18... Bxf3 {is interesting.} 19. Nxf3 Rae8 20. Rxe6 Rxe6 21. Bxf6 Nxf6 22. g3 Qe7) 19. Bg3 Rxe1+ 20. Rxe1 Rxe1+ 21. Nxe1 Bxg3 22. hxg3 g6 23. Qa4 b6 24. Qa3 Kg7 25. Nc2 Be6 26. Ne3 Ne8 27. Nf3 Nd6 28. Qa4 a5 29. Qc2 c5 30. Qd1 c4 31. Bc2 b5 32. a3 Nc8 33. Qd2 Qb8 34. Ne1 Ne7 35. Bd1 Nf6 36. Bf3 h5 37. N1c2 Qh8 38. Nd1 Bf5 39. Ne1 (39. Nde3 {feels hotter.} Qh7 40. Qd1 Qh6 41. Ne1 Qh8 42. Qe2) 39... Qh6 40. Qxh6+ (40. Ne3 {seems wilder.} Be6 41. Qd1 Nf5 42. N1c2 Nd6 43. Qe1) 40... Kxh6 41. Ne3 Bd7 42. Kf1 Kg7 43. Bd1 Ng4 44. Nxg4 {The position is equal.} Bxg4 45. Bxg4 hxg4 $11 {[%mdl 4096] Endgame KN-KN} 46. Nc2 f5 47. Ke2 Ng8 48. Ne3 Nf6 49. f3 Kf7 50. fxg4 fxg4 51. Ke1 Ke6 52. Ke2 Kf7 53. Ke1 Ke6 54. Ke2 Kf7 {Accuracy: White = 60%, Black = 50%.} 1/2-1/2

[Event "7th Sinquefield Cup GCT 2019"]
[Site "Saint Louis"]
[Date "2019.08.23"]
[Round "6.1"]
[White "Caruana, Fabiano"]
[Black "Vachier-Lagrave, Maxime"]
[Result "1/2-1/2"]
[WhiteElo "2818"]
[BlackElo "2778"]
[Annotator "TA"]
[PlyCount "106"]
[EventDate "2019.08.17"]
[EventType "tourn"]
[EventCountry "USA"]
[SourceTitle "playchess.com"]
[Source "ChessBase"]
[SourceQuality "1"]

{[%evp 12,105,18,7,18,22,9,4,5,0,14,0,16,21,20,25,33,25,9,12,18,8,6,6,13,6,4,4,0,25,0,0,21,28,52,20,27,21,29,17,27,27,30,20,20,20,20,18,20,20,78,76,69,69,69,69,69,69,69,33,34,13,13,13,13,13,13,20,20,0,0,0,0,-8,-8,-8,-8,-8,-8,-8,-8,-8,-8,-8,-8,-8,-8,-8,-8,-8,-8,-8,-8,-8,-8,-8]} 1. e4 c5 2. Nf3 d6 3. d4 cxd4 4. Nxd4 Nf6 5. Nc3 a6 6. h3 e5 7. Nb3 Be6 {B90: Sicilian Najdorf: Unusual White 6th moves, 6 Be3 Ng4 and 6 Be3 e5} 8. f4 g6 (8... exf4 9. Bxf4 Nc6 10. Qe2 Be7 11. O-O-O Qc7 12. g4 O-O 13. g5 Nd7 14. Qe3 Rac8 15. Kb1 {1-0 (60) Van Foreest,J (2612)-Nepomniachtchi,I (2763) Wijk aan Zee 2019}) 9. Be2 Nbd7 10. g4 Rc8 {White must now prevent ...Rxc3!} 11. f5 Bxb3 $1 12. axb3 Rxc3 13. bxc3 Nxe4 14. O-O Qh4 15. Bf3 $1 {[%cal Rf3e4]} gxf5 $1 16. Bxe4 fxe4 17. Kh2 $146 Rg8 18. Ra4 Nf6 $132 {[%cal Rf6g4][%mdl 2048] ( -> ...Nxg4+). Black is not keeping still} 19. g5 $1 Rxg5 20. Bxg5 Qxg5 21. c4 {Hoping for Rb4.} Qh4 {Threatens to win with ...Bh6.} (21... Be7 {feels hotter.} 22. Ra1 h5 23. Qe1 h4 24. Qf2 e3) 22. Qe1 Qxe1 $1 23. Rxe1 {Strongly threatening Rb4.} Bh6 24. Rd1 Kd7 25. c5 d5 26. Rb4 Kc7 27. Rb6 Bf4+ 28. Kg2 Nd7 {[%mdl 64] Double Attack} 29. Rxd5 {aiming for Rbd6.} Nxb6 30. cxb6+ Kxb6 $11 {[%mdl 4096] Endgame KR-KB} (30... Kc6 $11 {keeps the balance.} 31. Rd8 Kxb6) 31. Rd7 $16 a5 32. Rxf7 h6 $1 33. Kf2 {[%mdl 1024] White has compensation.} Kc6 34. Ke2 b5 35. Rf6+ Kc5 36. c3 a4 {The position is equal.} 37. bxa4 bxa4 38. Ra6 Kb5 39. Ra7 Bg5 40. Ra8 Be7 $1 41. Kd2 a3 42. Ke3 Kc4 43. Kxe4 Kxc3 44. Kxe5 Kb3 45. Ke4 a2 {[#]} (45... Bc5 {with more complications.} 46. Kd3 Bd6 47. Ke4 a2 48. Kd3 Be5) 46. Rxa2 $1 {[%mdl 512]} Kxa2 $11 {KB-KP} 47. Kf3 Kb3 {[#]} 48. h4 $1 {[%mdl 512]} Kc4 (48... Bxh4 49. Kg2) 49. h5 Kd3 50. Kg2 Ke2 51. Kh1 Kf2 52. Kh2 Bd6+ 53. Kh1 Be5 {Accuracy: White = 76%, Black = 73%.} 1/2-1/2

[Event "7th Sinquefield Cup GCT 2019"]
[Site "Saint Louis"]
[Date "2019.08.23"]
[Round "6.2"]
[White "Nepomniachtchi, Ian"]
[Black "Ding, Liren"]
[Result "1/2-1/2"]
[WhiteElo "2774"]
[BlackElo "2805"]
[Annotator "TA"]
[PlyCount "86"]
[EventDate "2019.08.17"]
[EventType "tourn"]
[EventCountry "USA"]
[SourceTitle "playchess.com"]
[Source "ChessBase"]
[SourceQuality "1"]

{[%evp 12,86,15,14,14,10,20,15,4,20,8,-2,-7,0,0,0,0,0,0,0,0,-5,0,0,0,0,0,0,0,0,0,0,0,0,0,0,0,0,0,0,0,0,0,0,0,0,0,0,0,-75,0,-81,-40,-42,0,0,0,0,0,0,0,0,0,0,0,0,0,0,0,0,0,0,0,0,0,0,0]} 1. e4 e5 2. Nf3 Nc6 3. Bc4 Bc5 4. O-O Nf6 5. d3 d6 6. c3 O-O 7. h3 a5 {C54: Giuoco Piano: 4 c3 Nf6, main lines with 5 d4 and 5 d3} 8. Re1 h6 9. Nbd2 Be6 10. Bb5 Qb8 11. Nh4 a4 $146 ({Predecessor:} 11... Ne7 12. Ndf3 c6 13. Ba4 Qc7 14. d4 Ba7 15. Bc2 {0-1 (33) Bacrot,E (2718)-Ding,L (2778) Liaocheng 2018}) 12. Nf5 Re8 13. Nc4 Bxf5 14. exf5 Qa7 15. Qf3 {[#]} e4 $1 {[%mdl 512]} 16. dxe4 Ne5 17. Nxe5 Rxe5 18. Bd3 d5 19. Bf4 dxe4 20. Bxe4 Rxe4 21. Rxe4 Nxe4 22. Qxe4 Bxf2+ 23. Kh2 Qb6 24. Rd1 Qxb2 25. f6 Qxc3 26. fxg7 Qc6 27. Qf5 Re8 28. Bxh6 Qxh6 29. Qxf2 $11 {[%mdl 4096] Endgame KQR-KQR} Qg5 30. Kh1 {[#]} (30. Rd3 $11) 30... Re4 (30... b5 $1 $17) 31. Rf1 (31. Qa7 $11 {remains equal.}) 31... Qe7 ({But not} 31... Qxg7 $6 32. Qf5 $11) 32. Qd2 Kxg7 33. Qb2+ {The position is equal.} Qe5 34. Qxb7 Re1 {[%cal Re1f1]} 35. Qf3 {Hoping for Qg4+.} Rxf1+ 36. Qxf1 {KQ-KQ} c5 37. Qc4 Qe1+ 38. Kh2 Qb4 39. Qd3 a3 40. Qg3+ Kh7 41. Qd3+ Kg7 42. Qg3+ Kh7 43. Qd3+ Kg7 {Accuracy: White = 71%, Black = 70%.} 1/2-1/2

[Event "7th Sinquefield Cup GCT 2019"]
[Site "Saint Louis"]
[Date "2019.08.23"]
[Round "6.3"]
[White "Anand, Viswanathan"]
[Black "Giri, Anish"]
[Result "1/2-1/2"]
[WhiteElo "2756"]
[BlackElo "2779"]
[Annotator "TA"]
[PlyCount "108"]
[EventDate "2019.08.17"]
[EventType "tourn"]
[EventCountry "USA"]
[SourceTitle "playchess.com"]
[Source "ChessBase"]
[SourceQuality "1"]

{[%evp 16,108,-4,-11,-14,-1,1,-18,30,30,37,36,23,9,24,16,43,41,30,54,87,92,70,83,169,89,76,72,122,62,86,22,164,161,162,145,183,177,183,182,177,181,172,158,168,118,118,124,111,97,105,77,92,40,39,39,221,52,70,70,69,69,47,19,14,14,14,14,15,14,24,15,15,9,12,12,15,15,14,15,15,8,8,8,8,8,8,8,8,8,8,8,8,8,8]} 1. e4 c5 2. Nf3 e6 3. d4 cxd4 4. Nxd4 Nf6 5. Nc3 Nc6 6. a3 Be7 7. f4 d6 8. Nf3 O-O 9. Bd3 a6 {B45: Sicilian Four Knights} 10. O-O b5 11. b4 (11. Qe1 Bb7 12. b4 Nd7 13. Bb2 Bf6 14. Rd1 Qc7 15. e5 dxe5 16. Ne4 Be7 17. Qg3 {½-½ (91) Schmaltz,R (2534)-Azmaiparashvili,Z (2676) ICC INT 2002}) 11... a5 12. Rb1 axb4 13. axb4 d5 14. e5 $146 ({Predecessor:} 14. exd5 Nxd5 15. Nxd5 exd5 16. c3 Ba6 17. Nd4 Nxd4 18. cxd4 Qb6 19. Be2 Bf6 20. Bb2 Be7 21. Bc1 Bf6 22. Bb2 Be7 23. Bc1 Bf6 24. Bb2 {½-½ (24) Yudasin,L (2460)-Gorelov,S (2445) Sverdlovsk 1984}) 14... Ne8 15. Nxb5 {[%cal Bc3b5,Bb5d4,Bd4f5][%mdl 32]} Ba6 {Threatens to win with ...Bxb5.} 16. Nbd4 Nxb4 17. Bxa6 Rxa6 18. f5 $1 exf5 19. Nxf5 Nc7 (19... Qd7 $16 {was worth a try.} 20. Nxe7+ Qxe7) 20. c3 (20. N3d4 $1 $18) 20... Nc6 $16 21. Qd3 Ra4 22. Be3 ({White should try} 22. N3d4 $1 $16 Nxd4 23. cxd4 (23. Nxd4 Ne6 $11)) 22... Re4 23. Bb6 (23. Rb6 $16 Rc4 24. Rd1) 23... Qd7 {[#]} (23... g6 $1 $11 {and Black is okay.} 24. Nxe7+ Qxe7) 24. Bxc7 $1 $18 {[%mdl 64] Overworked Piece} Qxc7 25. Qxd5 Rf4 26. N5d4 Nxd4 27. cxd4 Rd8 28. Qb7 Qxb7 29. Rxb7 Kf8 30. g3 Rf5 31. Kg2 f6 32. Re1 {And now g4 would win.} fxe5 33. dxe5 h5 34. e6 (34. Re4 $16) 34... g5 $14 35. Re2 {aiming for Ne5.} Rd6 $2 {[#]} (35... Rdd5 $1 $14) 36. h3 $2 (36. Rb8+ $1 $18 Rd8 37. Rxd8+ Bxd8 38. Nd4) 36... g4 37. hxg4 hxg4 38. Nh4 Rg5 $1 39. Ra7 Ke8 $1 40. Ra4 Rd3 41. Ra8+ Rd8 42. Ra1 Rdd5 43. Rf2 Bd8 {The position is equal.} 44. Ra8 Ke7 45. Re2 {Black must now prevent Ra7+.} Rc5 46. Ra6 Ra5 47. Rc6 Rad5 48. Rf2 Rd6 $132 {[%mdl 2048] Black is not holding back} 49. Rxd6 Kxd6 $11 {KRB-KRN} 50. Rd2+ Rd5 51. Rxd5+ $1 Kxd5 52. Nf5 {Hoping for e7.} Kxe6 53. Ne3 Bc7 54. Nxg4 Bxg3 {Accuracy: White = 55%, Black = 55%.} 1/2-1/2

[Event "7th Sinquefield Cup GCT 2019"]
[Site "Saint Louis"]
[Date "2019.08.23"]
[Round "6.4"]
[White "Nakamura, Hikaru"]
[Black "Carlsen, Magnus"]
[Result "1/2-1/2"]
[WhiteElo "2743"]
[BlackElo "2882"]
[Annotator "TA"]
[PlyCount "60"]
[EventDate "2019.08.17"]
[EventType "tourn"]
[EventCountry "USA"]
[SourceTitle "playchess.com"]
[Source "ChessBase"]
[SourceQuality "1"]

{[%evp 13,60,31,24,27,29,22,22,16,22,22,34,15,28,22,30,15,7,14,14,0,0,0,0,0,0,0,0,-4,0,0,0,0,0,0,0,0,0,0,0,0,0,0,0,0,0,0,0,0,0]} 1. e4 c5 2. Nf3 Nc6 3. Bb5 g6 4. O-O Bg7 5. Re1 e5 6. Bxc6 dxc6 7. d3 Qc7 8. Be3 {B31: Sicilian: 2...Nc6 3 Bb5 g6} (8. a3 Nf6 9. b4 O-O 10. Nbd2 Bg4 11. h3 Bxf3 12. Nxf3 cxb4 13. axb4 a5 14. bxa5 Rxa5 15. Bd2 Raa8 {½-½ (49) Caruana,F (2832)-Carlsen,M (2835) London 2018}) 8... b6 9. a3 a5 10. Nbd2 Nf6 $146 ({Predecessor:} 10... Ne7 11. Nc4 a4 12. b4 b5 13. Na5 cxb4 14. axb4 O-O 15. c4 Be6 {½-½ (45) Hasangatin,R (2380)-Faibisovich,V (2410) Decin 1996}) 11. b4 Ng4 12. bxc5 Nxe3 13. fxe3 bxc5 14. Nc4 Be6 {The position is equal.} 15. Nfd2 O-O 16. Rf1 Rab8 17. Qe2 a4 18. Rf2 Rb7 19. Raf1 Qd8 20. Qe1 h5 21. Qa1 f6 22. h3 Bh6 23. Qd1 Kh7 24. Qe2 Rb8 25. Rd1 Qc7 26. Rff1 Kg7 27. Rb1 Rb5 28. Rbd1 Rbb8 29. Rb1 Rb5 30. Rbd1 Rbb8 {Accuracy: White = 89%, Black = 88%.} 1/2-1/2